Fußballspieler mit mehr als 100 Bundesliga Toren - Sudden Death - Statistiken

Allgemein
  • Dieses Quiz wurde 860 mal gespielt
  • Das Durchschnittsergebnis liegt bei 6 aus 20
Answers on the Grid
Answers color-coded by a green-red scale on the quiz's grid according to % correct below.
Andrej Kramarić
Arjen Robben
Claudio Pizarro
Franck Ribéry
Gerd Müller
Giovanne Élber
Horst Hrubesch
Jupp Heynkes
Klaus Allofs
Klaus Toppmöller
Lothar Mathäus
Marco Reus
Mario Gómez
Mario Götze
Max Kruse
Mehmet Scholl
Michael Ballak
Miroslav Klose
Paul Breitner
Pierre-Emerick Aubameyang
Robert Lewandowski
Ronald Worm
Rudi Völler
Stefan Effenberg
Thomas Müller
Thomas van Heesen
Timo Werner
Uwe Seeler
Vedad Ibiševic
Wout Weghorst
 
Antwortstatistiken
Antwort % Korrekt
Gerd Müller
70%
Robert Lewandowski
60%
Claudio Pizarro
57%
Thomas Müller
51%
Andrej Kramarić
49%
Mario Gómez
48%
Marco Reus
39%
Miroslav Klose
39%
Giovanne Élber
36%
Uwe Seeler
36%
Jupp Heynkes
32%
Rudi Völler
29%
Klaus Allofs
24%
Horst Hrubesch
21%
Lothar Mathäus
18%
Vedad Ibiševic
12%
Klaus Toppmöller
11%
Timo Werner
10%
Thomas van Heesen
3%
Ronald Worm
2%
Keine übereinstimmenden Quizze gefunden
Verteilung der Resultate
Anzahl Personen mit jedem Resultat
Perzentil nach korrekt beantworteten Fragen
Ihre Resultats-Entwicklung
Sie haben dieses Quiz noch nicht gespielt